[Event "BRA Amateur-ch U1800"]
[Site "Sao Paulo"]
[Date "2022.11.05"]
[Round "5"]
[White "Maciel, Felipe Eduardo Ribe"]
[Black "Ferreira, Fernando Goncalves"]
[Result "1-0"]
[WhiteElo "1619"]
[BlackElo "1337"]
[PlyCount "51"]
[EventDate "2022.11.03"]
[EventType "swiss"]
[EventRounds "7"]
[EventCountry "BRA"]
[SourceTitle "CBM 211 Extra"]
[Source "ChessBase"]
[SourceDate "2023.01.31"]
[SourceVersion "1"]
[SourceVersionDate "2023.01.31"]
[SourceQuality "1"]

1. e4 c6 2. d4 d5 3. Nc3 dxe4 4. Nxe4 Nf6 5. Nxf6+ exf6 6. c3 Bd6 7. Bd3 0-0 8. Qc2 Re8+ 9. Ne2 h5 10. 0-0 Nd7 11. Ng3 g6 12. Bxg6 fxg6 13. Qxg6+ Kf8 14. Bh6+ Ke7 15. Rfe1+ Ne5 16. dxe5 Rg8 17. exd6+ Kxd6 18. Rad1+ Kc7 19. Qf7+ Bd7 20. Bf4+ Kc8 21. Rxd7 Qxd7 22. Qxg8+ Qd8 23. Re8 Kd7 24. Rxd8+ Rxd8 25. Qf7+ Kc8 26. Qc7# 1-0

[Event "Florianopolis op 5th"]
[Site "Florianopolis"]
[Date "2019.01.21"]
[Round "1"]
[White "Maciel, Felipe Eduardo Ribe"]
[Black "Miguel, Gabriel Carvalho Mo"]
[Result "0-1"]
[WhiteElo "1688"]
[BlackElo "2246"]
[PlyCount "78"]
[EventDate "2019.01.21"]
[EventType "swiss"]
[EventRounds "10"]
[EventCountry "BRA"]
[SourceTitle "CBM 188 Extra"]
[Source "ChessBase"]
[SourceDate "2019.02.26"]
[SourceVersion "1"]
[SourceVersionDate "2019.02.26"]
[SourceQuality "1"]

1. e4 c5 2. Nf3 e6 3. d4 cxd4 4. Nxd4 Nc6 5. Nc3 Qc7 6. Nb3 a6 7. Be2 Nf6 8. Bg5 Bb4 9. Bxf6 gxf6 10. 0-0 b6 11. Qd3 Bb7 12. Rad1 Rc8 13. Nd5 exd5 14. exd5 Ne5 15. Qf5 Be7 16. Rfe1 Qxc2 17. Bd3 Qxb2 18. f4 Bxd5 19. Re2 Be6 20. Qxe6 Qxe2 21. Qxe7+ Kxe7 22. Bxe2 Nc6 23. Bxa6 Ra8 24. Bb5 Rxa2 25. Nd4 Nxd4 26. Rxd4 Rd8 27. Bd3 h6 28. Rb4 Rb8 29. h3 d5 30. Bb5 Kd6 31. Rb1 Rba8 32. Kh2 Ra1 33. Rb2 R8a2 34. Rb3 Ra3 35. Rb2 R1a2 36. Rb1 Rc3 37. Be8 Ke7 38. Re1+ Kf8 39. Bb5 Ra8 0-1

[Event "Sao Paulo op-B U2050 6th"]
[Site "Sao Paulo"]
[Date "2017.04.14"]
[Round "2"]
[White "Maciel, Felipe Eduardo Ribe"]
[Black "Dos Reis, Leandro Aparecido C"]
[Result "0-1"]
[WhiteElo "1739"]
[BlackElo "1990"]
[PlyCount "50"]
[EventDate "2017.04.14"]
[EventType "swiss"]
[EventRounds "6"]
[EventCountry "BRA"]
[SourceTitle "EXT 2019"]
[Source "ChessBase"]
[SourceDate "2018.10.10"]
[SourceVersion "1"]
[SourceVersionDate "2018.10.10"]
[SourceQuality "1"]

1. e4 c5 2. Nf3 d6 3. d4 cxd4 4. Nxd4 Nf6 5. Nc3 a6 6. Bc4 e6 7. Bb3 Be7 8. Bg5 0-0 9. f4 h6 10. Bh4 b5 11. e5 dxe5 12. fxe5 Nfd7 13. Bxe7 Qxe7 14. Qf3 Ra7 15. 0-0-0 Nxe5 16. Qe4 Nbd7 17. Kb1 Rc7 18. Nxe6 fxe6 19. Rxd7 Nxd7 20. Bxe6+ Kh8 21. Nd5 Bb7 22. Qg6 Bxd5 23. Bxd5 Qf6 24. Qd3 Nc5 25. Qe2 Na4 0-1

[Event "Florianopolis op 3rd"]
[Site "Florianopolis"]
[Date "2017.01.25"]
[Round "9"]
[White "Menezes, Jose Eduardo C"]
[Black "Maciel, Felipe Eduardo Ribe"]
[Result "1-0"]
[WhiteElo "1886"]
[BlackElo "1712"]
[PlyCount "73"]
[EventDate "2017.01.20"]
[EventType "swiss"]
[EventRounds "10"]
[EventCountry "BRA"]
[SourceTitle "CBM 176 Extra"]
[Source "ChessBase"]
[SourceDate "2017.03.02"]
[SourceVersion "1"]
[SourceVersionDate "2017.03.02"]
[SourceQuality "1"]

1. d4 d5 2. Bf4 Nf6 3. e3 e6 4. c4 c6 5. Nc3 a6 6. c5 b6 7. cxb6 Qxb6 8. Qc2 c5 9. Nf3 c4 10. Be2 Nc6 11. 0-0 Nb4 12. Qd2 Bd7 13. Ne5 Be7 14. Bg5 Nc6 15. Bxf6 Bxf6 16. Nxd7 Kxd7 17. Ne4 Qc7 18. b3 cxb3 19. axb3 a5 20. Rfc1 Rhb8 21. Nc5+ Ke8 22. Na6 Rxa6 23. Bxa6 Qb6 24. Bd3 Nb4 25. g3 Nxd3 26. Qxd3 Qxb3 27. Qxb3 Rxb3 28. Rxa5 Rb7 29. Kg2 h5 30. Rc8+ Kd7 31. Raa8 g6 32. Rf8 Kc6 33. Ra6+ Kb5 34. Rfa8 Kc4 35. R8a7 Rxa7 36. Rxa7 Bxd4 37. Ra4+ 1-0

[Event "Florianopolis op 3rd"]
[Site "Florianopolis"]
[Date "2017.01.23"]
[Round "5"]
[White "Ferreira, Oscar Luiz Vieira"]
[Black "Maciel, Felipe Eduardo Ribe"]
[Result "0-1"]
[WhiteElo "2004"]
[BlackElo "1712"]
[PlyCount "46"]
[EventDate "2017.01.20"]
[EventType "swiss"]
[EventRounds "10"]
[EventCountry "BRA"]
[SourceTitle "CBM 176 Extra"]
[Source "ChessBase"]
[SourceDate "2017.03.02"]
[SourceVersion "1"]
[SourceVersionDate "2017.03.02"]
[SourceQuality "1"]

1. e4 e6 2. d4 d5 3. exd5 exd5 4. Bd3 Bd6 5. Nc3 c6 6. Nge2 Ne7 7. Bf4 Bf5 8. Qd2 0-0 9. 0-0 Na6 10. Bxd6 Qxd6 11. a3 Bxd3 12. Qxd3 Ng6 13. f4 f5 14. Rae1 Rae8 15. Nb1 Nxf4 16. Rxf4 Qxf4 17. Nxf4 Rxe1+ 18. Kf2 Rxb1 19. b3 Nc7 20. c4 Rb2+ 21. Kf3 g5 22. Nh5 Ne6 23. h3 Rxb3 0-1

[Event "Florianopolis Ribeiro Neto Memorial"]
[Site "Florianopolis"]
[Date "2016.10.02"]
[Round "5.4"]
[White "Maciel, Felipe Eduardo Ribe"]
[Black "De Carvalho, Christopher"]
[Result "0-1"]
[WhiteElo "1752"]
[BlackElo "2042"]
[PlyCount "64"]
[EventDate "2016.09.30"]
[EventType "swiss"]
[EventRounds "6"]
[EventCountry "BRA"]
[SourceTitle "EXT 2022"]
[Source "ChessBase"]
[SourceDate "2021.10.06"]
[SourceVersion "1"]
[SourceVersionDate "2021.10.06"]
[SourceQuality "1"]

1. e4 e5 2. Nf3 Nc6 3. Bb5 a6 4. Ba4 Nf6 5. 0-0 Be7 6. Re1 b5 7. Bb3 d6 8. c3 0-0 9. d3 Bb7 10. Nbd2 Re8 11. Nf1 h6 12. Ng3 Bf8 13. h3 Nb8 14. Be3 Nbd7 15. a4 Nc5 16. axb5 axb5 17. Bc2 d5 18. Bd2 dxe4 19. dxe4 Nd3 20. Re3 Nxb2 21. Qc1 Nc4 22. Rd3 Rxa1 23. Rxd8 Rxc1+ 24. Bxc1 Rxd8 25. Kf1 c5 26. Ke2 b4 27. cxb4 cxb4 28. Nd2 Nxd2 29. Bxd2 Ba6+ 30. Kd1 Bc4 31. Kc1 b3 32. Bb1 Ba3+ 0-1

[Event "Florianopolis Ribeiro Neto Memorial"]
[Site "Florianopolis"]
[Date "2016.09.30"]
[Round "2.4"]
[White "Goncalves, Davi Sulzbacher"]
[Black "Maciel, Felipe Eduardo Ribe"]
[Result "1-0"]
[WhiteElo "2201"]
[BlackElo "1752"]
[PlyCount "42"]
[EventDate "2016.09.30"]
[EventType "swiss"]
[EventRounds "6"]
[EventCountry "BRA"]
[SourceTitle "EXT 2022"]
[Source "ChessBase"]
[SourceDate "2021.10.06"]
[SourceVersion "1"]
[SourceVersionDate "2021.10.06"]
[SourceQuality "1"]

1. d4 d5 2. c4 c6 3. Nf3 Nf6 4. e3 e6 5. Bd3 Nbd7 6. b3 dxc4 7. bxc4 c5 8. 0-0 Be7 9. Bb2 b6 10. Nc3 Bb7 11. a4 0-0 12. a5 bxa5 13. d5 exd5 14. cxd5 Nxd5 15. Nxd5 Bxd5 16. Bxh7+ Kxh7 17. Qxd5 Nb6 18. Qh5+ Kg8 19. Rfd1 Qc7 20. Qg4 f6 21. Nh4 Bd6 1-0